Регионална библиотека "Любен Каравелов" - Русе

Хамлет (Запис номер 57686)

MARC детайли
000 -Лидер
Контролно поле с фиксирана дължина 01360nam a2200349 c 4500
003 - Код на организацията, давaща контролен номер
Контролно поле BLK
005 - Дата и час на последна редакция
Контролно поле 20240716005334.0
008 - Елементи от данни с фиксирана дължина
fixed length control field 180408b bul|||||r ||||||| ||bul||
010 ## - Наследен системен номер
LC control number KNG00061693000
040 ## - Източник на каталожния запис
Идентификатор на билиотеката - собственик на записа BLK
041 ## - Код за език
Код за езика на текст/звукозапис или на отделно заглавие Български
Код за езика КДБФ Български
080 ## - УДК
Текстов определител УДК Английска литература
УДК код - определител по УДК 821.111
УДК определител .09(092)
УДК - код + определител 821.111.09(092)
080 ## - УДК
Текстов определител УДК Английски драматург и поет
УДК код - определител по УДК 929 Шекспир, Уилям
УДК - код + определител 929 Шекспир, Уилям
100 ## - Редна дума - Автор
Автор Тенев, Любомир Димов
Дати, свързани с автора 1915-1993
Автор - информация (биография) Театрален теоретик и критик.
R(LIN) 270635
139 ## - Редно поле
Редна дума Тенев, Любомир Димов
Авторски знак Шек - Ш 50
245 10 - Сведения за заглавието
Заглавие Хамлет
Подзаглавни данни Литературнокрит. анализ
Редно поле (дума) Любомир Димов Тенев.
257 ## - Страна на издаване
Страна на създаване/издаване България
260 ## - Област на издателските данни
Име на издателя, разпространителя и проч. Наука и изкуство
Година на издаване 1965
300 ## - Физическа характеристика
Страници 220 с.
Размери/Мащаб 20 см
380 ## - Жанр
Жанр Литературознание
650 #4 - Допълнително описание по предмет – тема
Основно описание – тема или топоним Английска литература - теми, образи, сюжети
9 (RLIN) 255660
653 ## - Ключова дума – ненормативна
Ключова дума английска литература
653 ## - Ключова дума – ненормативна
Ключова дума Уилям Шекспир
653 ## - Ключова дума – ненормативна
Ключова дума Хамлет
852 ## - Местоположение
Форматна сигнатура Цб 29363
856 4# - Електронен адрес и достъп
Електронен формат pdf - файл
856 4# - Електронен адрес и достъп
Електронен формат pdf - файл
999 ## - СИСТЕМНИ КОНТРОЛНИ НОМЕРА
Koha biblionumber 57686
Koha biblioitemnumber 57686
942 ## - АРТИКУЛИ
Вид на библиотечния материал Книги
Скрит в OPAC Не
Периодичен библиозапис Да
944 ## - СЪЗДАВАНЕ И РЕДАКЦИЯ на ЗАПИСА
Създаване/Редакция Създаване
Дата на регистрацията/редакция 13.06.2004
Служител, извършил регистрацията/редакцията
Статус, дата на статуса CRON CRON
944 ## - СЪЗДАВАНЕ И РЕДАКЦИЯ на ЗАПИСА
Създаване/Редакция Редакция
Дата на регистрацията/редакция 26.02.2016
Служител, извършил регистрацията/редакцията Виолета_Тройчева
999 ## - СИСТЕМНИ КОНТРОЛНИ НОМЕРА
Koha biblioitemnumber 57686
Наличности
Код за отписване Код за изгубен артикул Източник на класификационната схема Код за повреда Коз за рестрикции Код за отдаване Артикулен № Име на библиотеката - собственик Име на библиотеката, в която се намира в момента Статус (Текущо местоположение) Дата на вписване в системата Местоположение - отдел Цена в лева Инвентарен номер Систематично азбучна сигнатура Баркод Номер на екземпляра Цена в евро Служебна бележка Служебен тип на артикула Бележка за публиката
Изтеглен Не е изгубен Universal Decimal Classification Не е повреден без рестрикции заемане за дома 93945 Регионална библиотека "Любен Каравелов" Русе Регионална библиотека "Любен Каравелов" Русе Заемна - подръчен фонд 1965-01-01 Заемна - подръчен фонд 0.00 11081/65 П 820/Ш 50 11081/65 1 0.00 Дост: Pk Вид: Ф N: стар фонд Дата: 01.01.1965 Книги  
Изтеглен Не е изгубен Universal Decimal Classification Не е повреден без рестрикции заемане за дома 93946 Регионална библиотека "Любен Каравелов" Русе Регионална библиотека "Любен Каравелов" Русе Заемна - подръчен фонд 1965-01-01 Заемна - подръчен фонд 0.00 11084/65 П 820/Ш 50 11084/65 2 0.00 Дост: Pk Вид: Ф N: стар фонд Дата: 01.01.1965 Книги  
Изтеглен Не е изгубен Universal Decimal Classification Не е повреден без рестрикции заемане за дома 93947 Регионална библиотека "Любен Каравелов" Русе Регионална библиотека "Любен Каравелов" Русе Заемна - подръчен фонд 1965-01-01 Заемна - подръчен фонд 0.00 15143/66 П 820/Ш 50 15143/66 3 0.00 Дост: Pk Вид: Ф N: стар фонд Дата: 01.01.1965 Книги  
Изтеглен Не е изгубен   Не е повреден без рестрикции заемане за дома 93948 Регионална библиотека "Любен Каравелов" Русе Регионална библиотека "Любен Каравелов" Русе   1965-01-01 Заемна - подръчен фонд 0.59 53048 П 820/Ш 50 53048 4 0.30 Дост: Pk Вид: Ф N: стар фонд Дата: 01.01.1965 Книги Отч.N: 19/2018 , Дата: 22.03.2018
Изтеглен Не е изгубен Universal Decimal Classification Не е повреден без рестрикции заемане за дома 93949 Регионална библиотека "Любен Каравелов" Русе Регионална библиотека "Любен Каравелов" Русе Заемна - подръчен фонд 2016-02-26 Основен фонд - ползва се само за читалня 5.00 120000798408 П 820/Ш 50 120000798408 5 2.56 Дост: DA Вид: А N: 9 Дата: 26.02.2016 Книги  
  Не е изгубен Universal Decimal Classification Не е повреден само за читалня ползва се в читалня 804400 Регионална библиотека "Любен Каравелов" Русе Регионална библиотека "Любен Каравелов" Русе Хранилище 2020-11-02 Хранилище 0.59 9564/65 Цб 29363 900000037377   0.30   Книги  
Vip Innovations Ltd, Rousse, Bulgaria 2025